LIBRARY & INFORMATION CENTRE, KCAET, TAVANUR

ONLINE PUBLIC ACCESS CATALOGUE (OPAC)

Principles of physics / (Record no. 10693)

MARC details
000 -LEADER
fixed length control field 00482cam a2200193ua 4500
041 ## - LANGUAGE CODE
Language code of text/sound track or separate title eng
082 ## - DEWEY DECIMAL CLASSIFICATION NUMBER
Classification number 530
Item number GRE/PR
100 ## - MAIN ENTRY--AUTHOR NAME
Personal name Greene, Earnest S .
245 ## - TITLE STATEMENT
Title Principles of physics /
250 ## - EDITION STATEMENT
Edition statement 1 /
260 ## - PUBLICATION, DISTRIBUTION, ETC. (IMPRINT)
Place of publication New Delhi :
Name of publisher Prentice Hall of India Pvt Ltd. ,
Year of publication 1965.
300 ## - PHYSICAL DESCRIPTION
Number of Pages 806 ; .
942 ## - ADDED ENTRY ELEMENTS (KOHA)
Koha item type Books
Holdings
Withdrawn status Lost status Damaged status Home library Current library Date acquired Full call number Accession Number Koha item type
      KAUAET KAUAET 07/04/2012 530 GRE/PR 10787 Books
Withdrawn   Damaged KAUAET KAUAET 07/04/2012 530 GRE/PR 7998 Books
free website counter